Anatomy and Human Movement: structure and function (Record no. 6821)

MARC details
000 -LEADER
fixed length control field 00586nam a22002177a 4500
003 - CONTROL NUMBER IDENTIFIER
control field OSt
005 - DATE AND TIME OF LATEST TRANSACTION
control field 20210318123718.0
008 - FIXED-LENGTH DATA ELEMENTS--GENERAL INFORMATION
fixed length control field 210318b ||||| |||| 00| 0 eng d
020 ## - INTERNATIONAL STANDARD BOOK NUMBER
International Standard Book Number 0750609702
040 ## - CATALOGING SOURCE
Transcribing agency NLM
082 ## - DEWEY DECIMAL CLASSIFICATION NUMBER
Edition number QS4 P17a 1994
100 ## - MAIN ENTRY--PERSONAL NAME
Personal name Palastanga, Nigel; Field, Derek; Soames, Roger.
9 (RLIN) 12968
245 ## - TITLE STATEMENT
Title Anatomy and Human Movement: structure and function
250 ## - EDITION STATEMENT
Edition statement 2nd ed.
260 ## - PUBLICATION, DISTRIBUTION, ETC. (IMPRINT)
Place of publication, distribution, etc. Oxford;
Name of publisher, distributor, etc. Butterworth,
Date of publication, distribution, etc. 1994
300 ## - PHYSICAL DESCRIPTION
Extent 894p;
Other physical details ill
Dimensions 26.5cm
504 ## - BIBLIOGRAPHY, ETC. NOTE
Bibliography, etc index included
650 ## - SUBJECT ADDED ENTRY--TOPICAL TERM
Source of heading or term Anatomy
650 ## - SUBJECT ADDED ENTRY--TOPICAL TERM
Topical term or geographic name as entry element Physiology
9 (RLIN) 215
942 ## - ADDED ENTRY ELEMENTS (KOHA)
Source of classification or shelving scheme Other/Generic Classification Scheme
Koha item type Open Shelf
Holdings
Withdrawn status Lost status Source of classification or shelving scheme Damaged status Not for loan Home library Current library Date acquired Source of acquisition Inventory number Total Checkouts Full call number Barcode Date last seen Koha item type
    Other/Generic Classification Scheme     MUST Main Library MUST Main Library 18/03/2021 Donation 01/15529   QS4 P172a 1994 2021-0274 18/03/2021 Open Shelf